Statistics for Countries By Third Largest Cities

Click here to take the quiz!

General Stats

  • This quiz has been taken 38 times
  • The average score is 11 of 20

Answer Stats

CityCountry% Correct
BrisbaneAustralia
100%
LyonFrance
100%
CorkIreland
97%
OsakaJapan
97%
BaselSwitzerland
97%
ChicagoUnited States
97%
RosarioArgentina
94%
FesMorocco
84%
TaichungTaiwan
59%
BarquisimetoVenezuela
47%
KoudougouBurkina Faso
38%
SalalahYemen
34%
LiepajaLatvia
31%
ZilinaSlovakia
28%
Jalal-AbadKyrgyzstan
16%
San LorenzoParaguay
16%
CaloocanPhilippines
16%
GitaramaRwanda
16%
BoSierra Leone
16%
Motufoua SchoolTuvalu
16%

Score Distribution

Percentile by Number Answered

Percent of People with Each Score

Your Score History

You have not taken this quiz